| 000 | 00578nam a22001817a 4500 | ||
|---|---|---|---|
| 999 |
_c61731 _d61731 |
||
| 005 | 20240424163309.0 | ||
| 008 | 240424s2008 enk||||| |||| 00| 0 eng d | ||
| 020 | _a9780781763110x | ||
| 041 | _aeng | ||
| 080 | _a616-08 C-82 | ||
| 100 |
_aCorwin, Elizabeth J. _921921 |
||
| 245 |
_aHandbook of Pathophysiology / _cElizabeth J. Corwin. |
||
| 264 |
_aPhiladelphia : _bLippincott Williams & Wilkin, _c2008. |
||
| 300 |
_a750 p.: _bill.; _c22 cm. |
||
| 653 | _aპათოფიზიოლოგია | ||
| 653 | _aმედიცინა | ||
| 942 |
_2udc _cᲬᲘᲒᲜᲘ |
||